| 000 | 00447nab a2200145Ia 4500 | ||
|---|---|---|---|
| 003 | ES-SlBCS | ||
| 005 | 20210601132900.0 | ||
| 008 | 140529s1975 xxu||||| |||| 00| 0 ita d | ||
| 041 | _aita | ||
| 100 | 1 |
_aRambaudi, D. _9199765 |
|
| 245 | 0 | 0 |
_aLinguaggio metaforico e scoperta scientifica _c D. Rambaudi |
| 650 | 0 | 4 |
_aLenguaje Metafórico _9199766 |
| 773 | 0 |
_tGiornali di Metafisica _gvol. 30, nº. 5-6, 1975, págs. 641-656 _w0017-0372 |
|
| 942 | _cAR | ||
| 999 |
_c587135 _d587135 |
||